Beat the Clock - US States - Statistics

General Stats
  • This quiz has been taken 52 times
  • The average score is 37 of 50
Answer Stats
Letter State % Correct
A Alabama
97%
A Alaska
94%
A Arkansas
94%
C California
94%
C Colorado
94%
F Florida
94%
I Iowa
94%
A Arizona
91%
H Hawaii
91%
G Georgia
88%
I Indiana
88%
K Kansas
88%
K Kentucky
84%
M Montana
84%
C Connecticut
81%
N New York
81%
I Idaho
75%
M Mississippi
75%
N North Dakota
75%
D Delaware
72%
I Illinois
72%
L Louisiana
72%
M Maine
72%
M Maryland
72%
N Nebraska
72%
V Virginia
72%
W West Virginia
72%
N New Hampshire
69%
O Ohio
69%
R Rhode Island
69%
S South Dakota
69%
T Tennessee
69%
W Washington
69%
M Massachusetts
66%
M Michigan
66%
N Nevada
66%
N New Jersey
66%
N New Mexico
66%
V Vermont
66%
M Minnesota
63%
N North Carolina
63%
S South Carolina
63%
U Utah
63%
M Missouri
59%
O Oregon
59%
T Texas
59%
O Oklahoma
56%
P Pennsylvania
56%
W Wisconsin
56%
W Wyoming
56%
No matching quizzes found
Score Distribution
Percent of People with Each Score
Percentile by Number Answered
Your Score History
You have not taken this quiz